Libertad y relaciones humanas o la inspiración no directiva

Guardat en:
Dades bibliogràfiques
Autor principal: Peretti, André de (Autor)
Format: Llibre
Idioma:espanyol
Publicat: Madrid Marova 1976
Edició:3a. ed
Col·lecció:Biblioteca Marova de estudios del hombre
Matèries:
Etiquetes: Afegir etiqueta
Sense etiquetes, Sigues el primer a etiquetar aquest registre!

MARC

LEADER 00000nam a2200000 a 4500
001 UCZ0432
003 CL-VaPUC
008 950728e19760000SP |||||||||||||||||spa|d
082 0 4 |a 302  |b PER  |2 21 
100 0 |a Peretti, André de  |e author  |9 343268 
245 1 0 |a Libertad y relaciones humanas o la inspiración no directiva 
250 |a 3a. ed 
300 |a 228 p 
942 |c BK 
945 |d 19950728 00:00:00  |a mfernand 
260 |a Madrid  |b Marova  |c 1976 
600 0 7 |a ROGERS, CARL  |2 CL-VaPUC  |9 307267 
650 0 |a Relaciones interpersonales  |9 307056 
650 0 |a Psicología   |9 257863 
650 0 |a Terapia  |9 334442 
650 0 |a Personalidad   |9 307255 
650 7 |a PSICOLOGIA DE LA COMUNICACION  |2 CL-VaPUC  |9 332059 
650 7 |a GRUPOS  |2 CL-VaPUC  |9 336429 
650 0 |a Liderazgo  |9 271835 
650 7 |a COMUNICACION EN GRUPO  |2 CL-VaPUC  |9 343269 
650 0 |a Dinámica de grupos   |9 259862 
650 7 |a RELACION DOCENTE ALUMNO  |2 CL-VaPUC  |9 307734 
650 7 |a RELACIONES PADRES DOCENTES  |2 CL-VaPUC  |9 339338 
650 0 |a Cristianismo  |9 257361 
583 |a last modification  |c 19950728 00:00:00  |k Rodrigo Vera 
490 0 |a Biblioteca Marova de estudios del hombre 
999 |c 237361  |d 237359 
952 |0 0  |1 0  |4 0  |6 302_000000000000000_PER_1976  |7 0  |8 A  |9 246347  |a BIBEDU  |b BIBEDU  |d 2019-11-18  |i 1543911  |o 302 PER 1976  |p 1543911  |r 2019-11-18  |w 2019-11-18  |y BK  |k EDU 
952 |0 0  |1 0  |4 0  |6 302_000000000000000_PER_1976  |7 0  |8 A  |9 246348  |a BIBEDU  |b BIBEDU  |d 2019-11-18  |i 154392K  |o 302 PER 1976  |p 154392K  |r 2019-11-18  |w 2019-11-18  |y BK  |k EDU 
952 |0 0  |1 0  |4 0  |6 302_000000000000000_PER_1976  |7 0  |8 A  |9 246349  |a BIBEDU  |b BIBEDU  |d 2019-11-18  |i 3850889  |o 302 PER 1976  |p 3850889  |r 2019-11-18  |w 2019-11-18  |y BK  |k BME